logo

Bir Sreshtho Munshi Abdur Rouf Library
Jhenaidah Cadet College

রাজনৈতিক মতবাদের ইতিহাস : (Record no. 7904)

MARC details
000 -LEADER
fixed length control field 00777nam a22002417a 4500
001 - CONTROL NUMBER
JCCL Control Number 7904
003 - CONTROL NUMBER IDENTIFIER
JCCL marc code BD-JhCC
005 - DATE AND TIME OF LATEST TRANSACTION
control field 20180217111151.0
008 - FIXED-LENGTH DATA ELEMENTS--GENERAL INFORMATION
fixed length control field 171016s2009 bg ||||| ||a| 00| 0 ben d
020 ## - INTERNATIONAL STANDARD BOOK NUMBER
International Standard Book Number 9844152372
035 ## - SYSTEM CONTROL NUMBER
system control number (BD-JhCC)7904
040 ## - CATALOGING SOURCE
Original cataloging agency BD-JhCC
Modifying agency BD-JhCC
041 ## - LANGUAGE CODE
Language code of Book ben
082 ## - DEWEY DECIMAL CLASSIFICATION NUMBER
Author mark and Year RAJ 2009
Classification number 308.22
245 ## - TITLE STATEMENT
Title রাজনৈতিক মতবাদের ইতিহাস :
Remainder of title খন্ড ১ : প্রাচীন জগৎ ও মধ্যযুগ /
Statement of responsibility, etc কনফুশিয়াস...[et. all]
260 ## - PUBLICATION, DISTRIBUTION, ETC. (IMPRINT)
Place of publication, distribution, etc ঢাকা :
Name of publisher, distributor, etc অবসর,
Date of publication, distribution, etc 2009.
300 ## - PHYSICAL DESCRIPTION
Pagination 184 p. :
Dimensions 22 cm.
650 ## - SUBJECT ADDED ENTRY--TOPICAL TERM
Topical term or geographic name as entry element Political science
650 ## - SUBJECT ADDED ENTRY--TOPICAL TERM
Topical term or geographic name as entry element Nationalism
700 ## - ADDED ENTRY--PERSONAL NAME
Personal name কনফুশিয়াস
942 ## - ADDED ENTRY ELEMENTS (KOHA)
Source of classification or shelving scheme Dewey Decimal Classification
Koha item type Books
Holdings
Source of classification or shelving scheme Damaged status Not for loan Home library Current library Shelving location Date of accession Source of acquisition Cost, normal purchase price Total Checkouts Full call number Barcode Date last seen Copy number Koha item type
Dewey Decimal Classification     JCC Rouf Library JCC Rouf Library General Stacks 02/15/2018 Zahedee Foundation 150.00   308.22 RAJ 2009 9881 02/15/2018 C-1 Books

JCC Library | Contacts | JCC Home

Last Update on 23 September 2017
Copyright @ 2017-2020 JCC Rouf Library
Rouf Library, Jhenidah Cadet College (JCC), Bangladesh